header

Visual intelligence (Record no. 30321)

MARC details
000 -LEADER
fixed length control field 01535nam a2200361 a 4500
100 1# - MAIN ENTRY--AUTHOR NAME
Personal name Stacey, Mark.
245 10 - TITLE STATEMENT
Title Visual intelligence
250 ## - EDITION STATEMENT
Edition statement 1st ed.
260 ## - PUBLICATION, DISTRIBUTION, ETC. (IMPRINT)
Place of publication Indianapolis, Ind. :
Name of publisher John Wiley & Sons,
Year of publication 2013.
300 ## - PHYSICAL DESCRIPTION
Number of Pages xxix, 400 p. :
Other physical details ill., maps.
500 ## - GENERAL NOTE
General note Includes index.
505 0# - FORMATTED CONTENTS NOTE
Formatted contents note pt. I. Introduction to data visualization -- pt. II. Microsoft's toolset for visualizing data -- pt. III. Visual analytics in practice.
650 #0 - SUBJECT ADDED ENTRY--TOPICAL TERM
Topical Term Microsoft Windows (Computer file)
Topical Term Business intelligence
700 1# - ADDED ENTRY--PERSONAL NAME
Personal name Salvatore, Joe.
Personal name Jorgensen, Adam.
856 40 - ELECTRONIC LOCATION AND ACCESS
Uniform Resource Identifier http://site.ebrary.com/lib/rucke/Doc?id=10684904

No items available.

© 2026 Rongo University
Contact us: librarian | system librarian | Rongo university